header

Secondary Physics (Record no. 251478)

MARC details
000 -LEADER
fixed length control field 00208nam a22000977a 4500
008 - FIXED-LENGTH DATA ELEMENTS--GENERAL INFORMATION
fixed length control field 151124b xxu||||| |||| 00| 0 eng d
100 ## - MAIN ENTRY--PERSONAL NAME
Personal name KLB
245 ## - TITLE STATEMENT
Title Secondary Physics
250 ## - EDITION STATEMENT
Edition statement 3RD ED
260 ## - PUBLICATION, DISTRIBUTION, ETC. (IMPRINT)
Date of publication, distribution, etc 2005
Holdings
Withdrawn status Lost status Source of classification or shelving scheme Damaged status Not for loan Location (home branch) Sublocation or collection (holding branch) Shelving location Date acquired Koha issues (times borrowed) Piece designation (barcode) Koha date last seen Koha date last borrowed Price effective from Koha item type
    Library of Congress Classification     Rongo University Library Rongo University Library General Stacks 24/11/2015 5 20088539 27/04/2016 08/04/2016 24/11/2015 Long Loan Books

© 2026 Rongo University
Contact us: librarian | system librarian | Rongo university